000
00219nam a2200097Ia 4500
005
20251222114345.0
008
251222s1900||||xx |||||||||||||| ||spa||
082
_a
DVD0070/D95D/2001
245
0
_a
Day of Wrath:
942
_c
DVD
999
_c
1024
_d
1024